[Event "DVM U10 2016"]
[Site "Magdeburg GER"]
[Date "2016.12.27"]
[Round "2"]
[White "Widderich, Jan Ole"]
[Black "Wolf, Jonas"]
[Result "0-1"]
[Termination "normal"]
[Board "17.3"]
[WhiteElo "600"]
[BlackElo "902"]
[WhiteTeam "Lübecker SV 1"]
[BlackTeam "SC Erlangen"]
[PlyCount "72"]
[BlackFideId "16269500"]
[EventCountry "GER"]
[EventRounds "7"]
[EventType "team-swiss"]
[EventDate "2016.12.27"]

1. e4 e5 2. Nf3 Nc6 3. Bc4 Bc5 4. Nc3 Nf6 5. d3 d6 6. Bg5 h6 7. Bh4 Be6 8. Nd5
Bxd5 9. Bxd5 Qe7 10. O-O g5 11. Bg3 Qd7 12. h3 O-O-O 13. c3 Nh5 14. d4 exd4 15.
cxd4 Bb6 16. Rc1 Ne7 17. Bxf7 Nxg3 18. fxg3 g4 19. Kh1 gxh3 20. d5 hxg2+ 21.
Kxg2 Qg4 22. Be6+ Qxe6 23. dxe6 Rh7 24. Rc3 Rg8 25. Qc2 Rhg7 26. Ne1 Kb8 27.
Rf7 Ba5 28. Re3 Bxe1 29. Rxe1 Rxg3+ 30. Kf2 Rg2+ 31. Ke3 Rxc2 32. Rxe7 a6 33.
Rf1 Kc8 34. Rd7 Re8 35. Rf6 h5 36. e7 Kxd7 0-1

[Event "DVM U10 2016"]
[Site "Magdeburg GER"]
[Date "2016.12.27"]
[Round "2"]
[White "Hentschker, Josefin"]
[Black "Hecker, Linus Maximin"]
[Result "1/2-1/2"]
[Termination "normal"]
[Board "18.1"]
[WhiteElo "957"]
[BlackElo "993"]
[WhiteTeam "VSG 1880 Offenbach"]
[BlackTeam "Düsseldorfer SV"]
[PlyCount "90"]
[WhiteFideId "16255810"]
[BlackFideId "16275152"]
[EventCountry "GER"]
[EventRounds "7"]
[EventType "team-swiss"]
[EventDate "2016.12.27"]

1. e4 e5 2. Nf3 Nc6 3. Bc4 Nf6 4. Nc3 Nxe4 5. Nxe4 d5 6. Bxd5 Qxd5 7. Nc3 Qd8
8. d3 Bb4 9. Bd2 O-O 10. O-O Bg4 11. a3 Ba5 12. b4 Bb6 13. Ne4 Nd4 14. Neg5 h6
15. Ne4 Nxf3+ 16. gxf3 Bh3 17. Re1 Qh4 18. Qe2 g5 19. Kh1 f5 20. Nc5 Bxc5 21.
bxc5 Qd4 22. Be3 Qd5 23. c4 Qc6 24. Rg1 Bg4 25. Rg3 h5 26. Bxg5 f4 27. Rxg4
hxg4 28. Kg1 gxf3 29. Qxe5 Qg6 30. Qd5+ Rf7 31. Re1 c6 32. Re6 cxd5 33. Rxg6+
Rg7 34. Rxg7+ Kxg7 35. cxd5 Rd8 36. Bxf4 Rxd5 37. d4 Kf7 38. Be3 Ke7 39. h4 Ke6
40. Kh2 Kf6 41. Kg3 a6 42. Kxf3 Kg6 43. Kg4 a5 44. f4 a4 45. Bf2 Rf5 1/2-1/2

[Event "DVM U10 2016"]
[Site "Magdeburg GER"]
[Date "2016.12.27"]
[Round "2"]
[White "Dixon, Laura Michaela"]
[Black "Hörhager-Celjo, Dino"]
[Result "1-0"]
[Termination "normal"]
[Board "18.2"]
[WhiteElo "906"]
[BlackElo "861"]
[WhiteTeam "VSG 1880 Offenbach"]
[BlackTeam "Düsseldorfer SV"]
[PlyCount "100"]
[WhiteFideId "16253035"]
[BlackFideId "16248708"]
[EventCountry "GER"]
[EventRounds "7"]
[EventType "team-swiss"]
[EventDate "2016.12.27"]

1. e4 e5 2. Nf3 Nc6 3. Bc4 Bc5 4. d3 Nf6 5. O-O d6 6. h3 O-O 7. Bg5 Be6 8. Nc3
Bxc4 9. dxc4 Re8 10. Nd5 Re6 11. c3 h6 12. Bh4 Rb8 13. b4 Bb6 14. b5 Na5 15.
Re1 Nxc4 16. Qd3 Nb2 17. Qd2 Nc4 18. Qe2 Na5 19. Nxf6+ Rxf6 20. Bxf6 Qxf6 21.
c4 c6 22. bxc6 Nxc6 23. Rad1 Rd8 24. Rd3 Nb4 25. Rd2 Ba5 26. Red1 Nc6 27. Rd5
Kf8 28. Qb2 b6 29. Qa3 Bb4 30. Qa4 Ne7 31. Qxb4 Nxd5 32. Rxd5 Ke7 33. Rxe5+ Kf8
34. Rf5 Qa1+ 35. Kh2 Qxa2 36. Ne5 Kg8 37. Nxf7 Rf8 38. Nxd6 Rxf5 39. Nxf5 Qc2
40. e5 Qxf5 41. Qd6 Qf4+ 42. g3 Qxf2+ 43. Kh1 Qxg3 44. Qe6+ Kf8 45. Qf5+ Ke7
46. e6 Qe1+ 47. Kg2 Qxe6 48. Qh7 Qc6+ 49. Kf2 Qxc4 50. Qxg7+ Qf7+ 0-1

[Event "DVM U10 2016"]
[Site "Magdeburg GER"]
[Date "2016.12.27"]
[Round "2"]
[White "Pikalow, Michael"]
[Black "Guo, Philipp Ziming"]
[Result "1-0"]
[Termination "normal"]
[Board "19.1"]
[WhiteElo "1441"]
[BlackElo "906"]
[WhiteTeam "USC Magdeburg"]
[BlackTeam "TuRa Harksheide Norderstedt"]
[PlyCount "51"]
[WhiteFideId "16227638"]
[BlackFideId "16245199"]
[EventCountry "GER"]
[EventRounds "7"]
[EventType "team-swiss"]
[EventDate "2016.12.27"]

1. e4 e5 2. Nf3 Nc6 3. Bb5 d6 4. O-O Nf6 5. Nc3 a6 6. Bxc6+ bxc6 7. d4 Bb7 8.
dxe5 dxe5 9. Nxe5 Qxd1 10. Rxd1 Bd6 11. Nc4 Bc5 12. Be3 Bxe3 13. Nxe3 O-O 14.
f3 Rfe8 15. Rd3 h6 16. Rad1 Kf8 17. Nf5 Bc8 18. Nd4 c5 19. Nb3 c4 20. Nc5 c6
21. Rd6 Bd7 22. Nxd7+ Ke7 23. Nxf6 gxf6 24. Rxc6 h5 25. Nd5+ Kf8 26. Nxf6 1-0

[Event "DVM U10 2016"]
[Site "Magdeburg GER"]
[Date "2016.12.27"]
[Round "2"]
[White "Rößl, Sara"]
[Black "Schiffner, Robin"]
[Result "1-0"]
[Termination "normal"]
[Board "19.2"]
[WhiteElo "728"]
[BlackElo "1324"]
[WhiteTeam "TuRa Harksheide Norderstedt"]
[BlackTeam "USC Magdeburg"]
[PlyCount "63"]
[WhiteFideId "16255828"]
[BlackFideId "16210328"]
[EventCountry "GER"]
[EventRounds "7"]
[EventType "team-swiss"]
[EventDate "2016.12.27"]

1. e4 c5 2. Nf3 Nc6 3. Bb5 d6 4. Nc3 Bd7 5. O-O Nf6 6. d3 e6 7. Bg5 Be7 8. Qd2
O-O 9. Qf4 a6 10. Ba4 b5 11. Bb3 Qb6 12. Qg3 Qb8 13. Bh6 Nh5 14. Qg4 Bf6 15.
Be3 g6 16. Nh4 Ne5 17. Qd1 Bxh4 18. Re1 a5 19. d4 cxd4 20. Bxd4 Nc6 21. Be3 a4
22. Bd5 exd5 23. exd5 Ne5 24. Qd4 Bf6 25. Bh6 Nf3+ 26. gxf3 Bxd4 27. Re7 Rd8
28. Ne4 Bf5 29. Ng5 Rd7 30. Rae1 Qc7 31. Re8+ Rxe8 32. Rxe8# 1-0

[Event "DVM U10 2016"]
[Site "Magdeburg GER"]
[Date "2016.12.27"]
[Round "2"]
[White "Herter, Arne"]
[Black "Duong, Nhat-Minh"]
[Result "1-0"]
[Termination "normal"]
[Board "19.3"]
[WhiteElo "1114"]
[BlackElo "847"]
[WhiteTeam "USC Magdeburg"]
[BlackTeam "TuRa Harksheide Norderstedt"]
[PlyCount "69"]
[WhiteFideId "16255372"]
[BlackFideId "16245261"]
[EventCountry "GER"]
[EventRounds "7"]
[EventType "team-swiss"]
[EventDate "2016.12.27"]

1. e4 e5 2. Nf3 Nc6 3. Nc3 Nf6 4. Bb5 Bc5 5. Bxc6 dxc6 6. Nxe5 Bd4 7. Nf3 Bc5
8. O-O O-O 9. d3 Bg4 10. h3 Bh5 11. g4 Bg6 12. Bg5 h6 13. Bh4 Re8 14. e5 Be7
15. exf6 Bxf6 16. Bg3 Qd7 17. Re1 h5 18. Rxe8+ Rxe8 19. Nh4 Bxh4 20. Bxh4 hxg4
21. hxg4 Qd4 22. Qf3 Qb4 23. Rb1 Qd6 24. Bg3 Qd7 25. Kf1 b5 26. Re1 Rxe1+ 27.
Kxe1 Qe7+ 28. Kf1 b4 29. Ne2 c5 30. Qa8+ Qf8 31. Qxa7 Qe7 32. Bxc7 f5 33. Qb8+
Qf8 34. Qxf8+ Kxf8 35. Bd6+ 1-0

[Event "DVM U10 2016"]
[Site "Magdeburg GER"]
[Date "2016.12.27"]
[Round "2"]
[White "Kögel, Fabio"]
[Black "Quade, Luca"]
[Result "1-0"]
[Termination "normal"]
[Board "20.2"]
[WhiteElo "989"]
[BlackElo "911"]
[WhiteTeam "SV 1947 Walldorf"]
[BlackTeam "SF Schwerin"]
[PlyCount "56"]
[EventCountry "GER"]
[EventRounds "7"]
[EventType "team-swiss"]
[EventDate "2016.12.27"]

1. e4 e5 2. Nf3 Nc6 3. Bb5 Nd4 4. Nxd4 exd4 5. Bc4 Qh4 6. Qf3 Nf6 7. O-O Bd6 8.
h3 Qf4 9. Qxf4 Bxf4 10. Na3 Nxe4 11. d3 Ng5 12. Bxf4 Ne6 13. Nb5 Kd8 14. Bxe6
dxe6 15. Nxc7 Rb8 16. Nb5 Bd7 17. Bxb8 Bxb5 18. Be5 f6 19. Bxd4 b6 20. Rae1 Ke7
21. Re4 Rd8 22. Be3 f5 23. Rh4 Rh8 24. c4 g5 25. Bxg5+ Kf7 26. cxb5 Rg8 27.
Rxh7+ Rg7 28. Rxg7+ Kxg7 1-0

[Event "DVM U10 2016"]
[Site "Magdeburg GER"]
[Date "2016.12.27"]
[Round "2"]
[White "Krömer, Jakob"]
[Black "Gan, Lukas Wentao"]
[Result "0-1"]
[Termination "normal"]
[Board "20.3"]
[WhiteElo "600"]
[BlackElo "960"]
[WhiteTeam "SF Schwerin"]
[BlackTeam "SV 1947 Walldorf"]
[PlyCount "38"]
[EventCountry "GER"]
[EventRounds "7"]
[EventType "team-swiss"]
[EventDate "2016.12.27"]

1. e4 e5 2. Nf3 Nc6 3. Bc4 Bc5 4. Nc3 Nf6 5. Ng5 O-O 6. O-O d6 7. d3 Be6 8.
Bxe6 Qe7 9. Bd5 h6 10. Bxc6 bxc6 11. Nf3 d5 12. h3 Rad8 13. Qe2 Rfe8 14. a3 Qd6
15. b4 Bb6 16. Be3 d4 17. Na4 dxe3 18. fxe3 c5 19. Nxb6 Qxb6 {nicht weiter
nachvollziehbar} 0-1

[Event "DVM U10 2016"]
[Site "Magdeburg GER"]
[Date "2016.12.27"]
[Round "2"]
[White "Merdian, Nick"]
[Black "Vecera, Fabio"]
[Result "0-1"]
[Termination "normal"]
[Board "21.1"]
[WhiteElo "1115"]
[BlackElo "966"]
[WhiteTeam "SC Postbauer-Heng"]
[BlackTeam "BSG Grün-Weiß Leipzig 2"]
[PlyCount "48"]
[WhiteFideId "16255275"]
[BlackFideId "16281705"]
[EventCountry "GER"]
[EventRounds "7"]
[EventType "team-swiss"]
[EventDate "2016.12.27"]

1. e4 e5 2. Nf3 Nc6 3. Bc4 Bc5 4. b4 Bxb4 5. c3 Bc5 6. d4 Bd6 7. Ng5 exd4 8.
cxd4 Bb4+ 9. Bd2 Qxg5 10. Bxb4 Nxb4 11. Qb3 Qc1+ 12. Qd1 Nc2+ 13. Ke2 Qxd1+ 14.
Kxd1 Nxd4 15. Nc3 Nf6 16. e5 Ng4 17. Rf1 d6 18. exd6 cxd6 19. h3 Nf6 20. Nb5
O-O 21. Nxd6 Be6 22. Bxe6 fxe6 23. Nxb7 Rab8 24. Kd2 Rxb7 {nicht mehr
nachvollziehbar} 0-1

[Event "DVM U10 2016"]
[Site "Magdeburg GER"]
[Date "2016.12.27"]
[Round "2"]
[White "Englert, Luca"]
[Black "Landsgesell, Simon"]
[Result "1-0"]
[Termination "normal"]
[Board "21.2"]
[WhiteElo "600"]
[BlackElo "888"]
[WhiteTeam "BSG Grün-Weiß Leipzig 2"]
[BlackTeam "SC Postbauer-Heng"]
[PlyCount "57"]
[WhiteFideId "16293088"]
[EventCountry "GER"]
[EventRounds "7"]
[EventType "team-swiss"]
[EventDate "2016.12.27"]

1. e4 e5 2. Nf3 Nc6 3. Nc3 Nf6 4. Bc4 Bc5 5. Ng5 O-O 6. d3 Ne8 7. Qh5 h6 8.
Bxf7+ Rxf7 9. Qxf7+ Kh8 10. Nf3 Nd6 11. Qg6 Nb4 12. Bxh6 gxh6 13. Qxh6+ Kg8 14.
O-O Nf7 15. Qg6+ Kf8 16. Rfe1 Nxc2 17. Rac1 Nxe1 18. Nxe1 d6 19. Nd5 Qh4 20. g3
Qd8 21. Nf3 c6 22. Nf6 Qc7 23. Qg8+ Ke7 24. Qg7 Be6 25. Ng5 Qb6 26. Rf1 Qxb2
27. a4 Rh8 28. Nxf7 Bxf7 29. Qxh8 1-0

[Event "DVM U10 2016"]
[Site "Magdeburg GER"]
[Date "2016.12.27"]
[Round "2"]
[White "Mikulasch, Nicole"]
[Black "Jung, Maximilian"]
[Result "1-0"]
[Termination "normal"]
[Board "21.3"]
[WhiteElo "880"]
[BlackElo "794"]
[WhiteTeam "SC Postbauer-Heng"]
[BlackTeam "BSG Grün-Weiß Leipzig 2"]
[PlyCount "63"]
[EventCountry "GER"]
[EventRounds "7"]
[EventType "team-swiss"]
[EventDate "2016.12.27"]

1. b3 e5 2. Bb2 Nc6 3. e3 Bc5 4. Bc4 d6 5. Bd5 Bd7 6. Nf3 Nb4 7. Bc4 Nf6 8. Ng5
Be6 9. Bxe6 fxe6 10. Nxe6 Qe7 11. Ng5 Nfd5 12. Qh5+ g6 13. Qh6 Kd7 14. Qh3+ Ke8
15. O-O Qxg5 16. Qe6+ Ne7 17. Na3 a6 18. Nc4 Nbc6 19. Rad1 Rf8 20. d4 Rf6 21.
Qh3 Rf3 22. Qxf3 Bb4 23. a3 exd4 24. exd4 b5 25. d5 bxc4 26. bxc4 Bd2 27. dxc6
Rb8 28. Bf6 Qh6 29. Qe2 Qf8 30. Bd4 Qh6 31. Rxd2 Kf8 32. Qf3+ 1-0

[Event "DVM U10 2016"]
[Site "Magdeburg GER"]
[Date "2016.12.27"]
[Round "2"]
[White "Widmann, Maximilian"]
[Black "Tietz, Daniel"]
[Result "1-0"]
[Termination "normal"]
[Board "21.4"]
[WhiteElo "785"]
[BlackElo "742"]
[WhiteTeam "BSG Grün-Weiß Leipzig 2"]
[BlackTeam "SC Postbauer-Heng"]
[PlyCount "61"]
[WhiteFideId "16281691"]
[EventCountry "GER"]
[EventRounds "7"]
[EventType "team-swiss"]
[EventDate "2016.12.27"]

1. d4 Nf6 2. Nc3 Nc6 3. e4 e6 4. Nf3 Bd6 5. e5 O-O 6. exd6 cxd6 7. Bg5 h6 8.
Bf4 d5 9. Bd6 Re8 10. Ne5 Nxe5 11. dxe5 Ne4 12. Nxe4 dxe4 13. Qg4 a6 14. Bc4 b5
15. Be2 Bb7 16. f3 Bd5 17. fxe4 Qa5+ 18. c3 Bc4 19. Bb4 Qc7 20. Bd6 Qa5 21. b4
Qa4 22. Bxc4 bxc4 23. O-O Qc2 24. Qf3 Rac8 25. Qxf7+ Kh7 26. Rf3 Rcd8 27. Rg3
Rg8 28. Be7 Ra8 29. Bf6 Raf8 30. Rxg7+ Kh8 31. Rh7# 1-0

[Event "DVM U10 2016"]
[Site "Magdeburg GER"]
[Date "2016.12.27"]
[Round "2"]
[White "Tran Minh, Hieu"]
[Black "Przibylla, Thomas"]
[Result "1-0"]
[Termination "normal"]
[Board "22.1"]
[WhiteElo "1170"]
[BlackElo "998"]
[WhiteTeam "SF Hettstedt"]
[BlackTeam "Langenfelder Schachfreunde"]
[PlyCount "69"]
[WhiteFideId "16244877"]
[EventCountry "GER"]
[EventRounds "7"]
[EventType "team-swiss"]
[EventDate "2016.12.27"]

1. e4 e5 2. Bc4 Nc6 3. Nf3 d6 4. d3 Bg4 5. c3 d5 6. Bxd5 Nf6 7. Bc4 Na5 8. Qa4+
Nc6 9. Qd1 Nh5 10. h3 Bxf3 11. Qxf3 Nf6 12. b4 a6 13. O-O b5 14. Bb3 a5 15.
bxa5 Bc5 16. Bd5 Nxd5 17. exd5 Ne7 18. Qg3 O-O 19. Qxe5 Qxd5 20. Qxd5 Nxd5 21.
Re1 Bd6 22. Bd2 Rae8 23. Rxe8 Rxe8 24. c4 Nb4 25. Bxb4 Bxb4 26. cxb5 Bd6 27.
Nd2 Bb4 28. Nc4 Rb8 29. b6 Kf8 30. Rb1 Bc5 31. Kf1 Ke7 32. a4 Bd4 33. Rb5 Kd7
34. Rd5+ Kc6 35. Rxd4 1-0

[Event "DVM U10 2016"]
[Site "Magdeburg GER"]
[Date "2016.12.27"]
[Round "2"]
[White "Brumm, Nico"]
[Black "Seidel, Hans"]
[Result "1-0"]
[Termination "normal"]
[Board "22.2"]
[WhiteElo "901"]
[BlackElo "871"]
[WhiteTeam "Langenfelder Schachfreunde"]
[BlackTeam "SF Hettstedt"]
[PlyCount "45"]
[WhiteFideId "16257693"]
[EventCountry "GER"]
[EventRounds "7"]
[EventType "team-swiss"]
[EventDate "2016.12.27"]

1. e4 e5 2. Nf3 Nc6 3. d4 exd4 4. Nxd4 Bc5 5. Nxc6 dxc6 6. Qxd8+ Kxd8 7. e5
Bb4+ 8. c3 Bc5 9. Bg5+ f6 10. exf6 gxf6 11. Bh4 Ne7 12. Bc4 b5 13. Bb3 Re8 14.
Nd2 Rb8 15. O-O-O Bd7 16. Rhe1 b4 17. Be6 Bxe6 18. Rxe6 bxc3 19. Ne4+ Kc8 20.
Nxc5 cxb2+ 21. Kb1 Rb5 22. Bxf6 Rxc5 23. Rxe7 1-0

[Event "DVM U10 2016"]
[Site "Magdeburg GER"]
[Date "2016.12.27"]
[Round "2"]
[White "Born, Constantin"]
[Black "Lentz, Johannes Carl"]
[Result "0-1"]
[Termination "normal"]
[Board "22.3"]
[WhiteElo "773"]
[BlackElo "600"]
[WhiteTeam "SF Hettstedt"]
[BlackTeam "Langenfelder Schachfreunde"]
[PlyCount "54"]
[WhiteFideId "16269438"]
[EventCountry "GER"]
[EventRounds "7"]
[EventType "team-swiss"]
[EventDate "2016.12.27"]

1. e4 c5 2. Nc3 e6 3. Bc4 a6 4. d3 Nc6 5. Nf3 Qc7 6. O-O Nf6 7. Bg5 Be7 8. Bxf6
Bxf6 9. Qe2 O-O 10. Qe3 b5 11. Bb3 b4 12. Ba4 bxc3 13. bxc3 Bb7 14. Bxc6 Bxc6
15. Qxc5 Rab8 16. Qc4 Rb2 17. Qxa6 Rxc2 18. Qc4 Rb8 19. Ne1 Re2 20. Nf3 Rbb2
21. Nd4 Bxd4 22. cxd4 Qf4 23. Qa6 h6 24. Qc8+ Kh7 25. Qa6 Rxf2 26. Rxf2 Qxf2+
27. Kh1 Qxg2# 0-1

[Event "DVM U10 2016"]
[Site "Magdeburg GER"]
[Date "2016.12.27"]
[Round "2"]
[White "Koenen, Hugo"]
[Black "Palfi, Anton Emil"]
[Result "1-0"]
[Termination "normal"]
[Board "22.4"]
[WhiteElo "600"]
[BlackElo "859"]
[WhiteTeam "Langenfelder Schachfreunde"]
[BlackTeam "SF Hettstedt"]
[PlyCount "29"]
[EventCountry "GER"]
[EventRounds "7"]
[EventType "team-swiss"]
[EventDate "2016.12.27"]

1. e4 e5 2. Nf3 Nc6 3. d3 Bc5 4. Be3 Bb4+ 5. Bd2 Qe7 6. c3 Ba5 7. Be3 Nf6 8. d4
exd4 9. Nxd4 Ne5 10. f4 Nxe4 11. Nf5 Nf3+ 12. Qxf3 Qe6 13. Nxg7+ Ke7 14. Nxe6
Kxe6 15. Qxe4+ 1-0

[Event "DVM U10 2016"]
[Site "Magdeburg GER"]
[Date "2016.12.27"]
[Round "2"]
[White "Dorendorf, Mika"]
[Black "Jagodzinsky, Lukas"]
[Result "1-0"]
[Termination "normal"]
[Board "23.2"]
[WhiteElo "906"]
[BlackElo "741"]
[WhiteTeam "Hamburger SK 2"]
[BlackTeam "SV Hemer"]
[PlyCount "73"]
[WhiteFideId "16283066"]
[BlackFideId "16233255"]
[EventCountry "GER"]
[EventRounds "7"]
[EventType "team-swiss"]
[EventDate "2016.12.27"]

1. c4 e5 2. Nc3 Nf6 3. g3 Bc5 4. Bg2 Nc6 5. Nf3 O-O 6. d3 Nd4 7. Nxe5 Nc6 8.
Nxc6 dxc6 9. Qc2 Ng4 10. O-O Bf5 11. Bf4 Qf6 12. e3 Bd6 13. Bxd6 cxd6 14. Rfe1
Qh6 15. h4 Qg6 16. e4 Be6 17. Qe2 Rfe8 18. d4 Bf5 19. f3 Nf6 20. g4 Be6 21. g5
b5 22. f4 Qh5 23. Qf2 Qg4 24. Re3 Bxc4 25. Rg3 Qd7 26. Bh3 Qb7 27. gxf6 Red8
28. h5 g6 29. f5 Re8 30. hxg6 hxg6 31. fxg6 fxg6 32. f7+ Kf8 33. fxe8=Q+ Kxe8
34. Re1 Ke7 35. Rxg6 Rf8 36. Qh4+ Kf7 37. Qh7+ 1-0

[Event "DVM U10 2016"]
[Site "Magdeburg GER"]
[Date "2016.12.27"]
[Round "2"]
[White "Graf, Micha"]
[Black "Malchereck, Zion"]
[Result "0-1"]
[Termination "normal"]
[Board "23.3"]
[WhiteElo "600"]
[BlackElo "924"]
[WhiteTeam "SV Hemer"]
[BlackTeam "Hamburger SK 2"]
[PlyCount "34"]
[BlackFideId "16269233"]
[EventCountry "GER"]
[EventRounds "7"]
[EventType "team-swiss"]
[EventDate "2016.12.27"]

1. e4 e5 2. Nf3 Nf6 3. Bc4 Nxe4 4. O-O Be7 5. Nc3 Nxc3 6. bxc3 d5 7. Ba3 Bxa3
8. Nxe5 dxc4 9. Re1 O-O 10. Nxc4 Bc5 11. Re5 b6 12. Rb1 Nc6 13. Rb5 Nxe5 14.
Nxe5 Qe8 15. Ng4 Bxg4 16. Rb4 Bxd1 17. Re4 Qxe4 0-1

[Event "DVM U10 2016"]
[Site "Magdeburg GER"]
[Date "2016.12.27"]
[Round "2"]
[White "Tietz, Bennit"]
[Black "Leonard, Amanda"]
[Result "1-0"]
[Termination "normal"]
[Board "23.4"]
[WhiteElo "792"]
[BlackElo "600"]
[WhiteTeam "Hamburger SK 2"]
[BlackTeam "SV Hemer"]
[PlyCount "39"]
[WhiteFideId "16286936"]
[EventCountry "GER"]
[EventRounds "7"]
[EventType "team-swiss"]
[EventDate "2016.12.27"]

1. e4 e5 2. Nf3 Nc6 3. Nc3 d6 4. Bc4 Nf6 5. d3 Be7 6. Bg5 h6 7. Bh4 O-O 8. Nd5
Be6 9. Nxf6+ gxf6 10. Bxe6 Na5 11. Bb3 Nxb3 12. axb3 Qd7 13. O-O Rae8 14. Qd2
Kh8 15. Qxh6+ Kg8 16. Bxf6 Bxf6 17. Qxf6 Kh7 18. Ng5+ Kg8 19. Qh6 Qe7 20. Qh7#
1-0

[Event "DVM U10 2016"]
[Site "Magdeburg GER"]
[Date "2016.12.27"]
[Round "2"]
[White "Ihle, Jonte"]
[Black "Claussen, Alexander"]
[Result "0-1"]
[Termination "normal"]
[Board "24.1"]
[WhiteElo "1133"]
[BlackElo "809"]
[WhiteTeam "SG Niederkassel"]
[BlackTeam "SF Essen-Werden"]
[PlyCount "66"]
[BlackFideId "16248910"]
[EventCountry "GER"]
[EventRounds "7"]
[EventType "team-swiss"]
[EventDate "2016.12.27"]

1. e4 e6 2. d4 b6 3. Nf3 Bb7 4. e5 f6 5. exf6 Nxf6 6. Nc3 Be7 7. Be3 O-O 8. Be2
d6 9. Qd2 Nbd7 10. O-O-O d5 11. Rdg1 Bb4 12. Bd3 c5 13. a3 Bxc3 14. Qxc3 Rc8
15. dxc5 Nxc5 16. Bxc5 Rxc5 17. Qd2 Qc7 18. Kb1 e5 19. Ne1 Rd8 20. h4 Ne4 21.
Bxe4 dxe4 22. Qe2 Rcd5 23. Kc1 Qd7 24. Nf3 exf3 25. gxf3 Qe6 26. h5 R5d6 27. h6
Qa2 28. Rxg7+ Kh8 29. c3 Qa1+ 30. Kc2 Rd2+ 31. Qxd2 Rxd2+ 32. Kxd2 Qxh1 33.
Rxb7 Qxh6+ 0-1

[Event "DVM U10 2016"]
[Site "Magdeburg GER"]
[Date "2016.12.27"]
[Round "2"]
[White "Symanski, Linda"]
[Black "Hartmann, Simon"]
[Result "1/2-1/2"]
[Termination "normal"]
[Board "24.2"]
[WhiteElo "600"]
[BlackElo "792"]
[WhiteTeam "SF Essen-Werden"]
[BlackTeam "SG Niederkassel"]
[PlyCount "89"]
[WhiteFideId "16284534"]
[EventCountry "GER"]
[EventRounds "7"]
[EventType "team-swiss"]
[EventDate "2016.12.27"]

1. e4 e5 2. Nf3 Nc6 3. Nc3 Bc5 4. Bc4 Nge7 5. O-O d6 6. d3 Bg4 7. h3 Bh5 8. Bg5
O-O 9. Re1 h6 10. Bh4 Re8 11. Nd5 Nd4 12. Nxe7+ Rxe7 13. Bxe7 Qxe7 14. Bb5 Nxb5
15. a3 Nd4 16. b4 Nxf3+ 17. gxf3 Qg5+ 18. Kh1 Bxf2 19. Rf1 Qg3 20. Rxf2 Qxf2
21. Qf1 Qxf3+ 22. Kg1 Qxf1+ 23. Kxf1 Re8 24. Re1 b6 25. d4 exd4 26. e5 dxe5 27.
h4 c5 28. bxc5 bxc5 29. a4 a5 30. c3 dxc3 31. Rc1 g5 32. hxg5 hxg5 33. Kf2 e4
34. Rxc3 e3+ 35. Ke1 e2 36. Rxc5 Ra8 37. Rxg5+ Bg6 38. Kxe2 Re8+ 39. Kf3 Re4
40. Rxa5 Re6 41. Ra8+ Kg7 42. a5 Bd3 43. Kf4 f5 44. a6 Bxa6 45. Kxf5 1/2-1/2

[Event "DVM U10 2016"]
[Site "Magdeburg GER"]
[Date "2016.12.27"]
[Round "2"]
[White "Eschweiler, Mattes"]
[Black "Blume, Leo"]
[Result "1-0"]
[Termination "normal"]
[Board "24.3"]
[WhiteElo "889"]
[BlackElo "749"]
[WhiteTeam "SG Niederkassel"]
[BlackTeam "SF Essen-Werden"]
[PlyCount "89"]
[EventCountry "GER"]
[EventRounds "7"]
[EventType "team-swiss"]
[EventDate "2016.12.27"]

1. d4 d5 2. Bf4 Bf5 3. e3 Nf6 4. c4 e6 5. cxd5 exd5 6. Nf3 Ne4 7. Bd3 Bb4+ 8.
Nc3 O-O 9. a3 Ba5 10. b4 Bb6 11. a4 a5 12. b5 Nxc3 13. Bc2 Ne4 14. Ng5 Nxg5 15.
Bxg5 Qxg5 16. Bxf5 Qxg2 17. Bxh7+ Kh8 18. Rf1 c6 19. bxc6 Nxc6 20. Bf5 Nb4 21.
Qe2 Qg5 22. Bb1 Rac8 23. f4 Qh4+ 24. Rf2 Rc7 25. Qb5 Qf6 26. Qe2 Rfc8 27. Qh5+
Kg8 28. Bf5 g6 29. Qg5 Qxg5 30. fxg5 gxf5 31. Kd1 Rc3 32. Rf3 Rc2 33. h4 Rh2
34. Rf4 Nd3 35. Rf1 Rxh4 36. Rb1 Bd8 37. Rb5 Bxg5 38. Rxa5 Bxe3 39. Ke2 b6 40.
Rb5 Rxd4 41. Kxe3 Rxa4 42. Kxd3 Rb8 43. Rg1+ Kh7 44. Rb2 b5 45. Rh2+ 1-0

[Event "DVM U10 2016"]
[Site "Magdeburg GER"]
[Date "2016.12.27"]
[Round "2"]
[White "Symanski, Philip"]
[Black "Eschweiler, Charlotte"]
[Result "1-0"]
[Termination "normal"]
[Board "24.4"]
[WhiteElo "752"]
[BlackElo "767"]
[WhiteTeam "SF Essen-Werden"]
[BlackTeam "SG Niederkassel"]
[PlyCount "71"]
[EventCountry "GER"]
[EventRounds "7"]
[EventType "team-swiss"]
[EventDate "2016.12.27"]

1. e4 e5 2. Nf3 Nc6 3. Bc4 Bc5 4. O-O Nf6 5. Nc3 d6 6. a3 Bg4 7. d3 O-O 8. Bg5
h6 9. Bh4 Nd4 10. Nd5 Re8 11. Nxf6+ gxf6 12. c3 Nxf3+ 13. gxf3 Bh3 14. Re1 Qd7
15. d4 exd4 16. cxd4 d5 17. Bxd5 Bd6 18. Bxf6 Kh7 19. e5 Rg8+ 20. Kh1 Qf5 21.
Be4 Bg2+ 22. Kg1 Bxf3+ 23. Kf1 Bxe4 24. exd6 Bd3+ 25. Re2 Qg4 26. Ke1 Qf4 27.
Qxd3+ Rg6 28. Be5 Qg4 29. Rd1 Qg1+ 30. Kd2 f6 31. Rxg1 Rag8 32. Rxg6 Rxg6 33.
Bxf6 h5 34. Re7+ Kg8 35. Qxg6+ Kf8 36. Qg7# 1-0

[Event "DVM U10 2016"]
[Site "Magdeburg GER"]
[Date "2016.12.27"]
[Round "2"]
[White "Wähler, Joris"]
[Black "Gertz, Amon"]
[Result "1-0"]
[Termination "normal"]
[Board "25.2"]
[WhiteElo "890"]
[BlackElo "762"]
[WhiteTeam "SV Roter Turm Halle 2"]
[BlackTeam "VfL Gräfenhainichen"]
[PlyCount "61"]
[WhiteFideId "16299388"]
[EventCountry "GER"]
[EventRounds "7"]
[EventType "team-swiss"]
[EventDate "2016.12.27"]

1. e4 e5 2. Nf3 Nc6 3. Bc4 Nf6 4. Ng5 Qe7 5. Nxf7 Rg8 6. Nd6+ Qxd6 7. Bxg8 Nxe4
8. Qh5+ Ke7 9. Qh4+ Nf6 10. Bxh7 b6 11. Bd3 g6 12. O-O Bg7 13. Qg3 Nh5 14. Qxg6
Qxg6 15. Bxg6 Nf4 16. Be4 Nd4 17. Bxa8 Nxc2 18. d3 Nxd3 19. Be4 Nxa1 20. Bxd3
d5 21. Nc3 e4 22. Re1 d4 23. Rxe4+ Be6 24. Nd5+ Kd6 25. Nxc7 Bd5 26. Bf4+ Kc6
27. Nxd5 Kxd5 28. Re1 b5 29. Rxa1 a6 30. a4 bxa4 31. Rxa4 1-0

[Event "DVM U10 2016"]
[Site "Magdeburg GER"]
[Date "2016.12.27"]
[Round "2"]
[White "Stockmann, Pit"]
[Black "Fiedler, Ian Fynn"]
[Result "0-1"]
[Termination "normal"]
[Board "25.3"]
[WhiteElo "735"]
[BlackElo "600"]
[WhiteTeam "VfL Gräfenhainichen"]
[BlackTeam "SV Roter Turm Halle 2"]
[PlyCount "31"]
[WhiteFideId "16247000"]
[BlackFideId "16275012"]
[EventCountry "GER"]
[EventRounds "7"]
[EventType "team-swiss"]
[EventDate "2016.12.27"]

1. e4 e5 2. Nf3 Nc6 3. Nc3 Bc5 4. Nxe5 Nxe5 5. d4 Nc6 6. dxc5 Nf6 7. Bb5 O-O 8.
Bg5 h6 9. Bh4 a6 10. Ba4 d6 11. cxd6 cxd6 12. Nd5 Bg4 13. Qd2 Nxe4 14. Bxd8
Nxd2 15. Bh4 Ne4 {unmöglicher Zug von Weiß folgte (O-O-O)} 16. Rc1 0-1